[Event "Koltsovo op"]
[Site "Koltsovo"]
[Date "2014.07.04"]
[Round "7"]
[White "Khanina, Maria"]
[Black "Solodyankin, Timofey"]
[Result "1-0"]
[WhiteElo "1660"]
[BlackElo "1677"]
[PlyCount "112"]
[EventDate "2014.06.28"]
[EventType "swiss"]
[EventRounds "9"]
[EventCountry "RUS"]
[SourceTitle "CBM 161 Extra"]
[Source "ChessBase"]
[SourceDate "2014.08.29"]
[SourceVersion "1"]
[SourceVersionDate "2014.08.29"]
[SourceQuality "1"]

1. e4 c5 2. Nf3 d6 3. d4 cxd4 4. Nxd4 Nf6 5. Nc3 g6 6. f4 Bg7 7. e5 dxe5 8. fxe5 Ng8 9. Bb5+ Bd7 10. e6 Bxb5 11. exf7+ Kxf7 12. Ncxb5 Nf6 13. Qe2 Qd7 14. Bf4 Nc6 15. 0-0-0 a6 16. Nxc6 Qxc6 17. Nd4 Qd5 18. Rhe1 Rhe8 19. Kb1 Rac8 20. Ne6 Qc4 21. Qf2 h6 22. Nxg7 Kxg7 23. Be5 Qc6 24. Rd6 Qxd6 25. Bxd6 exd6 26. Rf1 Re6 27. Qb6 Rce8 28. Qxb7+ R8e7 29. Qb4 d5 30. c4 Re4 31. Qc3 d4 32. Qf3 R7e6 33. Rc1 Re3 34. Qb7+ Re7 35. Qb4 d3 36. Rd1 Kf7 37. c5 Ne4 38. Rxd3 Rxd3 39. Qc4+ Re6 40. Qxd3 Nxc5 41. Qf3+ Ke7 42. Kc2 Ne4 43. Kd3 Nd6 44. b4 Nf5 45. Qb7+ Kf6 46. b5 axb5 47. Qxb5 Rd6+ 48. Kc3 Ne3 49. a4 Nd1+ 50. Kc2 Ne3+ 51. Kb3 Nf5 52. Qc5 Re6 53. a5 g5 54. Qc4 Re3+ 55. Kb4 Ke5 56. Qc5+ Ke4 1-0

[Event "Koltsovo op"]
[Site "Koltsovo"]
[Date "2014.06.29"]
[Round "2"]
[White "Solodyankin, Timofey"]
[Black "Kornienko, Peter"]
[Result "1/2-1/2"]
[WhiteElo "1677"]
[BlackElo "1812"]
[PlyCount "47"]
[EventDate "2014.06.28"]
[EventType "swiss"]
[EventRounds "9"]
[EventCountry "RUS"]
[SourceTitle "CBM 161 Extra"]
[Source "ChessBase"]
[SourceDate "2014.08.29"]
[SourceVersion "1"]
[SourceVersionDate "2014.08.29"]
[SourceQuality "1"]

1. Nf3 d5 2. c4 d4 3. b4 Bg4 4. Qa4+ c6 5. d3 Bxf3 6. gxf3 e5 7. Nd2 a5 8. b5 Qd7 9. Rb1 c5 10. Ba3 b6 11. Ne4 f5 12. Bh3 Qf7 13. Ng3 g6 14. Bg2 Ra7 15. h4 Nf6 16. Bc1 f4 17. Ne4 Nxe4 18. fxe4 Bh6 19. Bf3 Nd7 20. Ba3 Qf8 21. Kd2 Nf6 22. Rbg1 Rg7 23. Qd1 Qe7 24. Kc2 1/2-1/2